| 000 | 01159nam a2200289Ia 4500 | ||
|---|---|---|---|
| 005 | 20211111074907.0 | ||
| 008 | 130821s2005 ck af gr spa | ||
| 020 | _a9586704440 | ||
| 020 | _a9789586704441 | ||
| 040 |
_aCO-BoUCM _bspa _cJose A. Gerena (modificó) _dJose A. Gerena (modificó) |
||
| 041 | 0 | 0 | _aspa |
| 100 | 1 |
_aCuartas Restrepo, Juan Manuel _d1960- _977450 |
|
| 245 | 1 | 4 |
_aLos 7 poetas del Haikú _cJuan Manuel Cuartas Retrepo ; ilustraciones Rubén Antonio Cuartas R |
| 246 | 3 | 3 | _aLos siete poetas del haikú |
| 260 |
_aCali (Valle, Colombia) _bUniversidad del Valle _c2005 |
||
| 300 |
_a192 páginas _bilustraciones, láminas |
||
| 490 | 0 | _aColección artes y humanidades. | |
| 650 | 7 |
_aHaiku _xCrítica e interpretación _977451 |
|
| 650 | 7 |
_aLiteratura japonesa _xHistoria y crítica _977452 |
|
| 650 | 7 |
_aPoesía japonesa _xHistoria y crítica _977453 |
|
| 650 | 7 |
_aPoetas japoneses _xHistoria y crítica _977454 |
|
| 650 | 7 |
_aPoesía _921773 |
|
| 690 | 0 |
_aLiteratura oriental _918717 |
|
| 700 | 1 |
_aCuartas Restrepo, Rubén Antonio _977455 |
|
| 942 |
_cLIBRO _a27 _e1 _2DEWEY _h895.61 _mC961 _n0 |
||
| 999 |
_c54127 _d54127 |
||